QCM #1 : Chypre - Statistiques

Statistiques générales
  • Ce quiz a été pris 15 fois
  • Le résultat moyen est 5 sur 10
Statistiques - réponses
Question Réponse % Correct
Chypre est associée traditionnellement à ? Aphrodite
100%
Fromage traditionnel Halloumi
100%
Chypre à pris son indépendance de ? Royaume Uni
60%
IDH 0.896
40%
En quelle année Chypre à pris son indépendance ? 1960
40%
Membre de L'UE depuis ? 2004
40%
Codes internationaux des plaques minéralogiques ? Cy
40%
Nom de l'Hymne Hymne à la liberté
40%
Langue Officielle dans la chypre "européenne" Grec et Turc
20%
Nombre d'habitant ? 1 266 676
0%
Aucun quiz correspondant
Distribution des résultats
% des personnes avec chaque résultat
Percentile par nombre de réponses
Votre historique - résultats
Vous n’avez pas pris ce quiz